Advanced Problesms in Organic Chemistry for JEE / (Record no. 181867)

MARC details
000 -LEADER
fixed length control field 00861nam a22002177a 4500
005 - DATE AND TIME OF LATEST TRANSACTION
control field 20211007145135.0
010 ## - LCCN (DPL NO)
LC control number B -741715
020 ## - INTERNATIONAL STANDARD BOOK NUMBER
Terms of availability 600.00 (Solution Manual Worth 300.00 with this book
035 ## - SYSTEM CONTROL NUMBER
System control number B -741715
037 ## - SOURCE OF ACQUISITION
Source of stock number/acquisition Gift
082 ## - DEWEY DECIMAL CLASSIFICATION NUMBER
Classification number 547
100 ## - MAIN ENTRY--PERSONAL NAME
Personal name Chouhan,M.S.
245 ## - TITLE STATEMENT
Title Advanced Problesms in Organic Chemistry for JEE /
Statement of responsibility, etc M.S. Chouhan
250 ## - EDITION STATEMENT
Edition statement 12th Edi
260 ## - PUBLICATION, DISTRIBUTION, ETC. (IMPRINT)
Place of publication, distribution, etc Muzaffarnagar (U.P.)
Name of publisher, distributor, etc Shri Balaji Publications
Date of publication, distribution, etc 2018
270 ## - ADDRESS
Address 6, Gulshan Vihar,Opp.Mahalaxmi Enclave,Jansath Road,
City Muzaffarnagar (U.P.)
Postal code 251001
Telephone number 0131-2660440(O0,2600503(R)
300 ## - PHYSICAL DESCRIPTION
Extent 628P(302p.)
Dimensions 24cm(pbk)
500 ## - GENERAL NOTE
General note Solution Manual Advanced Problems in with this book(part book)
942 ## - ADDED ENTRY ELEMENTS (KOHA)
Source of classification or shelving scheme Dewey Decimal Classification
Item type English Books
Classification part 547
Call number suffix CHO
Holdings
Withdrawn status Lost status Not for loan Collection code Home library Current library Date acquired Source of acquisition Cost, normal purchase price Full call number Barcode Copy number Cost, replacement price Koha item type Public note
      Non-fiction Ashok Vihar Ashok Vihar 07/10/2021 Gift/4.10.2021 300.00 547 CHO B-741715 1 300.00 English Books Gift

© Delhi Public Library
Hit Counter
free hit counter